[Event "Bogota Avenida Chile op 5th"]
[Site "Bogota"]
[Date "2025.06.15"]
[Round "6"]
[White "Pinzon, Jairo David"]
[Black "Castro Lombana, Juan Pablo"]
[Result "1/2-1/2"]
[WhiteElo "2201"]
[BlackElo "2186"]
[PlyCount "63"]
[EventDate "2025.06.15"]
[EventType "swiss (rapid)"]
[EventRounds "7"]
[EventCountry "COL"]
[SourceTitle "CB25_2025"]
[SourceDate "2025.06.18"]
[SourceVersion "1"]
[SourceVersionDate "2025.06.18"]
[SourceQuality "1"]

1. d4 Nf6 2. Bg5 g6 3. Bxf6 exf6 4. e3 Bg7 5. c4 0-0 6. Nc3 f5 7. g3 c5 8. Nge2 Nc6 9. dxc5 Qa5 10. Bg2 Qxc5 11. b3 d6 12. 0-0 Be6 13. Rc1 Qa5 14. Qd2 Rad8 15. Rfd1 Ne5 16. Nd5 Qxd2 17. Rxd2 Nc6 18. Rcd1 Rd7 19. Nef4 Rfd8 20. c5 Kf8 21. Nxe6+ fxe6 22. Nf4 Ke7 23. Bxc6 bxc6 24. cxd6+ Rxd6 25. Rxd6 Rxd6 26. Rxd6 Kxd6 27. Nd3 c5 28. f3 Kd5 29. Nf4+ Kd6 30. Nd3 g5 31. Kf2 Kd5 32. Nf4+ 1/2-1/2

[Event "Bogota blitz op"]
[Site "Bogota"]
[Date "2024.12.21"]
[Round "8"]
[White "Pinzon, Jairo David"]
[Black "Mesa Baez, Samuel"]
[Result "1-0"]
[WhiteElo "2105"]
[BlackElo "1960"]
[PlyCount "29"]
[EventDate "2024.12.21"]
[EventType "swiss (blitz)"]
[EventRounds "11"]
[EventCountry "COL"]
[SourceTitle "CB52_2024"]
[SourceDate "2024.12.25"]
[SourceVersion "1"]
[SourceVersionDate "2024.12.25"]
[SourceQuality "1"]

1. d4 Nf6 2. Bg5 d5 3. e3 Bf5 4. Bxf6 exf6 5. Bd3 Bg6 6. Ne2 Bd6 7. 0-0 0-0 8. c4 c6 9. cxd5 cxd5 10. Bxg6 hxg6 11. Nbc3 Bc7 12. Qb3 Qd6 13. Nf4 g5 14. Nb5 Qb6 15. Nxd5 1-0

[Event "Bogota blitz op"]
[Site "Bogota"]
[Date "2024.12.21"]
[Round "3"]
[White "Pinzon, Jairo David"]
[Black "Romero Mora, Elver Yobany"]
[Result "1-0"]
[WhiteElo "2105"]
[BlackElo "1968"]
[PlyCount "113"]
[EventDate "2024.12.21"]
[EventType "swiss (blitz)"]
[EventRounds "11"]
[EventCountry "COL"]
[SourceTitle "CB52_2024"]
[SourceDate "2024.12.25"]
[SourceVersion "1"]
[SourceVersionDate "2024.12.25"]
[SourceQuality "1"]

1. d4 e6 2. c4 f5 3. Nc3 Nf6 4. Bg5 d5 5. e3 c6 6. Bd3 Bd6 7. Qc2 h6 8. Bf4 Ne4 9. Nge2 0-0 10. 0-0 Qe7 11. f3 Nxc3 12. Nxc3 Nd7 13. Rad1 Bxf4 14. exf4 Qf6 15. Qf2 Nb6 16. c5 Nd7 17. Rfe1 b6 18. b4 a5 19. a3 axb4 20. axb4 bxc5 21. bxc5 Nxc5 22. Nxd5 exd5 23. dxc5 Ba6 24. Bxa6 Rxa6 25. Re5 Ra4 26. Rde1 Rxf4 27. Re6 Qd4 28. Rxc6 Qxf2+ 29. Kxf2 Rc4 30. Re7 Rf7 31. Rc8+ Rf8 32. Rcc7 Rc2+ 33. Kg3 f4+ 34. Kh3 Rf5 35. Rxg7+ Kf8 36. Rh7 Kg8 37. Rhd7 d4 38. Rc8+ Rf8 39. Rxf8+ Kxf8 40. Rxd4 Rxc5 41. Rxf4+ Kg7 42. Ra4 Kg6 43. g4 Rc2 44. Kg3 Rc1 45. Ra6+ Kg7 46. h4 Rb1 47. g5 h5 48. Rh6 Rg1+ 49. Kf4 Ra1 50. Rxh5 Ra4+ 51. Kg3 Kg6 52. Rh6+ Kf5 53. Rf6+ Ke5 54. f4+ Ke4 55. Re6+ Kf5 56. Re5+ Kg6 57. Kg4 1-0

[Event "Medellin Castro Memorial op-A 31st"]
[Site "Medellin"]
[Date "2024.08.11"]
[Round "9"]
[White "Pinzon, Jairo David"]
[Black "Parra Meza, Brayan1"]
[Result "1-0"]
[WhiteElo "2045"]
[BlackElo "1891"]
[PlyCount "83"]
[EventDate "2024.08.07"]
[EventType "swiss"]
[EventRounds "10"]
[EventCountry "COL"]
[SourceTitle "CBM 221 Extra"]
[Source "ChessBase"]
[SourceDate "2024.09.30"]
[SourceVersion "1"]
[SourceVersionDate "2024.09.30"]
[SourceQuality "1"]

1. d4 Nf6 2. Bg5 e6 3. e4 h6 4. Bxf6 Qxf6 5. c3 d5 6. Bd3 c5 7. Nf3 cxd4 8. cxd4 Bb4+ 9. Nc3 0-0 10. 0-0 Bxc3 11. bxc3 b6 12. exd5 exd5 13. Qb3 Qd6 14. Ne5 Ba6 15. g3 Bxd3 16. Nxd3 Nc6 17. Nf4 Rfd8 18. Rfe1 Rac8 19. Qd1 Ne7 20. Qf3 Qf6 21. Re3 Ng6 22. Nxg6 Qxf3 23. Rxf3 fxg6 24. Kf1 Re8 25. a4 Rc4 26. Ra3 h5 27. h4 Re6 28. Re3 Kf7 29. Ke2 Kf6 30. Kd3 Kf5 31. Rf3+ Kg4 32. Rf7 Rf6 33. Rxg7 Rcc6 34. Ke2 Rf5 35. Kf1 Rf3 36. Kg2 a6 37. Rd7 Rcf6 38. Ra2 Rxc3 39. Rxd5 Rf5 40. Rd6 g5 41. Re2 gxh4 42. Re4+ 1-0

[Event "Medellin Castro Memorial op-A 31st"]
[Site "Medellin"]
[Date "2024.08.10"]
[Round "8"]
[White "Ruiz Agudelo, Jeronimo"]
[Black "Pinzon, Jairo David"]
[Result "1/2-1/2"]
[WhiteElo "1858"]
[BlackElo "2045"]
[PlyCount "140"]
[EventDate "2024.08.07"]
[EventType "swiss"]
[EventRounds "10"]
[EventCountry "COL"]
[SourceTitle "CBM 221 Extra"]
[Source "ChessBase"]
[SourceDate "2024.09.30"]
[SourceVersion "1"]
[SourceVersionDate "2024.09.30"]
[SourceQuality "1"]

1. e4 c5 2. Nf3 d6 3. d4 cxd4 4. Nxd4 Nf6 5. Nc3 Nc6 6. Bc4 Qb6 7. Nde2 e6 8. 0-0 Be7 9. Bb3 a6 10. Bg5 Qc7 11. Ng3 0-0 12. Nh5 Nxh5 13. Bxe7 Qxe7 14. Qxh5 b5 15. Rad1 Na5 16. Rd2 Bb7 17. Qe2 Rfd8 18. Rfd1 Qc7 19. Qe3 h6 20. f3 b4 21. Na4 Bc6 22. Qb6 Qxb6+ 23. Nxb6 Rab8 24. Nc4 Nxb3 25. axb3 d5 26. exd5 Rxd5 27. Rxd5 Bxd5 28. Ra1 Bxc4 29. bxc4 Rd8 30. b3 Rd6 31. Ra2 Kf8 32. Kf2 Ke7 33. Ke3 Kd7 34. Ra4 Kc7 35. Rxb4 Rd1 36. Ra4 Kb7 37. Ra2 Rg1 38. Kf2 Rd1 39. Ke3 Rg1 40. c3 e5 41. Ke4 Rc1 42. Kxe5 Rxc3 43. Rb2 Kc6 44. Kd4 Rc1 45. b4 Rd1+ 46. Ke3 Re1+ 47. Kd2 Rg1 48. Kc3 Rc1+ 49. Rc2 Rg1 50. Ra2 Kb6 51. c5+ Kb7 52. Re2 Kc6 53. Ra2 Kb7 54. Rd2 Kc7 55. Ra2 Kb7 56. Kc4 Rc1+ 57. Kd4 Rd1+ 58. Kc3 Rc1+ 59. Kd3 Rb1 60. Kc3 Rc1+ 61. Rc2 Rg1 62. Kc4 Kc6 63. Ra2 Rc1+ 64. Kb3 Rb1+ 65. Kc3 Kb7 66. Rb2 Rg1 67. Ra2 h5 68. Re2 Kc6 69. Ra2 Kb7 70. c6+ Kb6 1/2-1/2

[Event "Medellin Castro Memorial op-A 31st"]
[Site "Medellin"]
[Date "2024.08.08"]
[Round "3"]
[White "Pinzon, Jairo David"]
[Black "Luna Monsalve, Sofia"]
[Result "1-0"]
[WhiteElo "2045"]
[BlackElo "1801"]
[PlyCount "103"]
[EventDate "2024.08.07"]
[EventType "swiss"]
[EventRounds "10"]
[EventCountry "COL"]
[SourceTitle "CBM 221 Extra"]
[Source "ChessBase"]
[SourceDate "2024.09.30"]
[SourceVersion "1"]
[SourceVersionDate "2024.09.30"]
[SourceQuality "1"]

1. e3 d5 2. b3 Nf6 3. Bb2 e6 4. f4 Bd6 5. Nf3 0-0 6. Be2 c5 7. 0-0 Nc6 8. Ne5 Nd7 9. Nxc6 bxc6 10. Bd3 f5 11. Qh5 Be7 12. Nc3 Bf6 13. g4 g6 14. Qh3 Bg7 15. g5 e5 16. Na4 exf4 17. exf4 Bxb2 18. Nxb2 c4 19. Nxc4 Nc5 20. Ne5 Nxd3 21. Qxd3 Qb6+ 22. Qe3 d4 23. Qf2 Rd8 24. Rfe1 c5 25. h4 Bb7 26. Re2 Re8 27. Rae1 Bc6 28. Nxc6 Qxc6 29. Qg2 Qd7 30. Rxe8+ Rxe8 31. Rxe8+ Qxe8 32. Qd5+ Kg7 33. Kf2 Qc8 34. a4 Kf8 35. c3 dxc3 36. dxc3 Qc7 37. Ke3 Qb6 38. Kd3 Qc7 39. Qe5 Qd7+ 40. Kc4 Qf7+ 41. Qd5 Qe8 42. Qxc5+ Kg8 43. Qxa7 Qe4+ 44. Qd4 Qc6+ 45. Kb4 Qb7+ 46. Ka3 Qe7+ 47. Qb4 Qe1 48. Qc4+ Kf8 49. Qc5+ Kg8 50. a5 Qa1+ 51. Kb4 Qe1 52. a6 1-0

[Event "Medellin Castro Memorial op-A 31st"]
[Site "Medellin"]
[Date "2024.08.07"]
[Round "2"]
[White "Gamboa, Nelson"]
[Black "Pinzon, Jairo David"]
[Result "1-0"]
[WhiteElo "2301"]
[BlackElo "2045"]
[PlyCount "55"]
[EventDate "2024.08.07"]
[EventType "swiss"]
[EventRounds "10"]
[EventCountry "COL"]
[SourceTitle "CBM 221 Extra"]
[Source "ChessBase"]
[SourceDate "2024.09.30"]
[SourceVersion "1"]
[SourceVersionDate "2024.09.30"]
[SourceQuality "1"]

1. e4 c5 2. Nc3 Nc6 3. f4 e6 4. Nf3 Nge7 5. b3 Nd4 6. Bb2 Nec6 7. Bd3 Be7 8. 0-0 0-0 9. Qe1 Nxf3+ 10. Rxf3 Nb4 11. Qg3 Nxd3 12. Rxd3 f6 13. Kh1 b6 14. Re1 Ba6 15. Rf3 Qe8 16. f5 Rc8 17. Qh4 Bd6 18. Rh3 h6 19. Ree3 Qf7 20. Qg4 Kh8 21. Rh5 Rfe8 22. Reh3 Bf8 23. d3 Bb7 24. Ne2 exf5 25. Rxf5 d5 26. Rxh6+ gxh6 27. Rxf6 Qg7 28. Rxf8+ 1-0

[Event "Medellin Castro Memorial op-A 31st"]
[Site "Medellin"]
[Date "2024.08.07"]
[Round "1"]
[White "Pinzon, Jairo David"]
[Black "Almanza Montoya, Joseph"]
[Result "1-0"]
[WhiteElo "2045"]
[BlackElo "1793"]
[PlyCount "43"]
[EventDate "2024.08.07"]
[EventType "swiss"]
[EventRounds "10"]
[EventCountry "COL"]
[SourceTitle "CBM 221 Extra"]
[Source "ChessBase"]
[SourceDate "2024.09.30"]
[SourceVersion "1"]
[SourceVersionDate "2024.09.30"]
[SourceQuality "1"]

1. d4 f5 2. Bg5 h6 3. Bh4 g5 4. e4 Nf6 5. e5 gxh4 6. exf6 exf6 7. Qh5+ Ke7 8. Nc3 d5 9. 0-0-0 Be6 10. Re1 Nc6 11. Nf3 Kd7 12. Bd3 Qe8 13. Qxh4 Qg6 14. Rxe6 Kxe6 15. Re1+ Kf7 16. Nxd5 Bd6 17. Ne3 Ne7 18. g4 h5 19. gxf5 Qh6 20. Qe4 Rhe8 21. Rg1 Qf4 22. Qe6+ 1-0

[Event "Pereira op"]
[Site "Pereira"]
[Date "2024.07.17"]
[Round "1"]
[White "Care Garcia, Jose Joaquin"]
[Black "Pinzon, Jairo David"]
[Result "0-1"]
[WhiteElo "1824"]
[BlackElo "2054"]
[PlyCount "76"]
[EventDate "2024.07.17"]
[EventType "swiss"]
[EventRounds "10"]
[EventCountry "COL"]
[SourceTitle "EXT 2025"]
[Source "ChessBase"]
[SourceDate "2024.10.14"]
[SourceVersion "1"]
[SourceVersionDate "2024.10.14"]
[SourceQuality "1"]

1. e4 c5 2. f4 g6 3. Nf3 Bg7 4. d3 Nc6 5. c3 d5 6. e5 Nh6 7. Be2 0-0 8. 0-0 f6 9. exf6 exf6 10. Na3 Re8 11. Nc2 Nf5 12. Re1 d4 13. Bf1 dxc3 14. bxc3 b6 15. Ne3 Nxe3 16. Bxe3 Be6 17. Qa4 Qd7 18. Qc2 Rad8 19. Rad1 Qf7 20. Rd2 Bd5 21. Rf2 Re7 22. Bc1 Rxe1 23. Nxe1 f5 24. a3 Qf6 25. Bb2 Qd6 26. g3 b5 27. Ng2 Bf7 28. Re2 a5 29. Re1 b4 30. axb4 cxb4 31. c4 Nd4 32. Bxd4 Bxd4+ 33. Kh1 Qc6 34. h3 a4 35. Kh2 b3 36. Qb1 Rb8 37. Nh4 a3 38. Bg2 Qc5 0-1

[Event "COL-chT"]
[Site "Risaralda"]
[Date "2023.11.23"]
[Round "7.2"]
[White "Pinzon, Jairo David"]
[Black "Campo Jimenez, David"]
[Result "1-0"]
[WhiteElo "2140"]
[BlackElo "1410"]
[PlyCount "131"]
[EventDate "2023.11.19"]
[EventType "team-swiss"]
[EventRounds "7"]
[EventCountry "COL"]
[SourceTitle "CBM 217 Extra"]
[Source "ChessBase"]
[SourceDate "2024.01.31"]
[SourceVersion "1"]
[SourceVersionDate "2024.01.31"]
[SourceQuality "1"]
[WhiteTeam "Bogota"]
[BlackTeam "Cordoba"]
[WhiteTeamCountry "COL"]
[BlackTeamCountry "COL"]

1. d4 Nf6 2. Bg5 Ne4 3. Bf4 d5 4. f3 Nf6 5. e3 c5 6. c3 Nc6 7. Bd3 Qb6 8. b3 cxd4 9. exd4 Bd7 10. Ne2 Rc8 11. Na3 e6 12. Nc2 Ne7 13. 0-0 Ng6 14. Be3 Bb5 15. a4 Bxd3 16. Qxd3 Be7 17. Qb5+ Qc6 18. Rfc1 a6 19. Qxc6+ Rxc6 20. Ne1 0-0 21. Nd3 Rfc8 22. Bg5 Kf8 23. a5 Ke8 24. b4 h6 25. Bxf6 gxf6 26. Nc5 Bxc5 27. bxc5 e5 28. Rab1 R8c7 29. Kf2 f5 30. Ng3 Nf4 31. Rd1 Rg6 32. Rg1 Rg5 33. Ne2 Nxe2 34. Kxe2 h5 35. Kf2 e4 36. Rb6 Kd8 37. g3 Rg6 38. Rgb1 Kc8 39. Ke3 Rxb6 40. Rxb6 Rc6 41. Rb2 h4 42. Kf4 hxg3 43. hxg3 Rg6 44. Kxf5 Rxg3 45. fxe4 dxe4 46. Kxe4 Rxc3 47. Rf2 Ra3 48. Rxf7 Rxa5 49. Kd5 Ra1 50. Kd6 Kb8 51. d5 Rd1 52. Rf8+ Ka7 53. Ke6 a5 54. d6 a4 55. d7 Re1+ 56. Kf7 Rf1+ 57. Kg7 Rg1+ 58. Kf6 Rf1+ 59. Ke7 Re1+ 60. Kd6 Rd1+ 61. Kc7 Rd5 62. d8Q Rxc5+ 63. Kd6 Rc6+ 64. Kd5 Ra6 65. Qb8+ Kb6 66. Rf6+ 1-0

[Event "COL-chT"]
[Site "Risaralda"]
[Date "2023.11.22"]
[Round "6.1"]
[White "Pinzon, Jairo David"]
[Black "Corredor Rengifo, Luis Fernando"]
[Result "1-0"]
[WhiteElo "2140"]
[BlackElo "2169"]
[PlyCount "103"]
[EventDate "2023.11.19"]
[EventType "team-swiss"]
[EventRounds "7"]
[EventCountry "COL"]
[SourceTitle "CBM 217 Extra"]
[Source "ChessBase"]
[SourceDate "2024.01.31"]
[SourceVersion "1"]
[SourceVersionDate "2024.01.31"]
[SourceQuality "1"]
[WhiteTeam "Bogota"]
[BlackTeam "Tolima"]
[WhiteTeamCountry "COL"]
[BlackTeamCountry "COL"]

1. d4 Nf6 2. Bg5 g6 3. Bxf6 exf6 4. e3 Bg7 5. g3 f5 6. Bg2 d6 7. Ne2 Nd7 8. c4 Nf6 9. Nbc3 c6 10. Nf4 0-0 11. 0-0 Qe7 12. Qc2 Re8 13. Rab1 g5 14. Nd3 Be6 15. Ne2 Rac8 16. b4 b5 17. c5 Bc4 18. cxd6 Qxd6 19. Ne5 Bxe2 20. Qxe2 Ne4 21. Nd3 Nc3 22. Qf3 Nxb1 23. Rxb1 Qe6 24. Rc1 f4 25. gxf4 g4 26. Qg3 h5 27. Rc5 Qxa2 28. Rxh5 Qb1+ 29. Bf1 Re6 30. f5 Rh6 31. Rg5 Kh8 32. Rxg4 Bf6 33. Qf4 Rh7 34. Qd6 Bh4 35. Qe5+ f6 36. Qe6 Rf8 37. Nf4 Bg5 38. Ng6+ Kg7 39. Nxf8 Kxf8 40. Qc8+ Kf7 41. f4 Qd1 42. Rg2 Qe1 43. Qe6+ Kf8 44. fxg5 Re7 45. Qxf6+ Ke8 46. Qxc6+ Kf8 47. Qc8+ Re8 48. Qc5+ Kg8 49. Qd5+ Kf8 50. g6 Qxe3+ 51. Kh1 Kg7 52. Qf7+ 1-0

[Event "Sunnyvale 1000 Schev 1 11"]
[Site "Sunnyvale"]
[Date "2023.11.10"]
[Round "1.5"]
[White "Shi, Roger V"]
[Black "Pinzon, Jairo David"]
[Result "1-0"]
[WhiteElo "1970"]
[BlackElo "2140"]
[PlyCount "105"]
[EventDate "2023.11.10"]
[EventType "schev"]
[EventRounds "6"]
[EventCountry "USA"]
[SourceTitle "CBM 217 Extra"]
[Source "ChessBase"]
[SourceDate "2024.01.31"]
[SourceVersion "1"]
[SourceVersionDate "2024.01.31"]
[SourceQuality "1"]

1. e4 e5 2. Nf3 Nc6 3. Bb5 a6 4. Ba4 d6 5. 0-0 Bg4 6. h3 h5 7. d4 Qf6 8. dxe5 dxe5 9. hxg4 hxg4 10. Bg5 Qe6 11. Bxc6+ bxc6 12. Nh2 g3 13. Ng4 Bc5 14. Qf3 Qg6 15. Qxg3 Qxg5 16. Qxe5+ Qxe5 17. Nxe5 Bd4 18. Nd3 Nf6 19. Nd2 0-0-0 20. Rae1 Rh5 21. Nf3 Ra5 22. Nb4 Kb7 23. e5 Ng4 24. Re4 Bxf2+ 25. Rxf2 Nxf2 26. Kxf2 c5 27. Nd3 Rxa2 28. Nxc5+ Kb6 29. Na4+ Ka5 30. Nc5 Rxb2 31. Ke3 Rd5 32. Nb3+ Kb6 33. Rc4 Rb1 34. Ke4 Rd8 35. Nfd4 Re1+ 36. Kf4 Rf1+ 37. Kg3 Rd5 38. Rb4+ Rb5 39. Nxb5 axb5 40. Rf4 Re1 41. Rxf7 Rxe5 42. Rxg7 Re3+ 43. Kf4 Rc3 44. Rg6+ Ka7 45. Nd4 Rc4 46. Ke3 Kb7 47. Kd3 Rc5 48. g4 b4 49. Ne2 c6 50. Rf6 Rg5 51. Rf4 c5 52. Kc4 Kc7 53. Ng3 1-0

[Event "Bucaramanga op"]
[Site "Bucaramanga"]
[Date "2023.09.10"]
[Round "8"]
[White "Valle, Efrain"]
[Black "Pinzon, Jairo David"]
[Result "0-1"]
[WhiteElo "1974"]
[BlackElo "2182"]
[PlyCount "107"]
[EventDate "2023.09.06"]
[EventType "swiss"]
[EventRounds "9"]
[EventCountry "COL"]
[SourceTitle "CBM 216 Extra"]
[Source "ChessBase"]
[SourceDate "2023.11.30"]
[SourceVersion "1"]
[SourceVersionDate "2023.11.30"]
[SourceQuality "1"]

1. e4 c5 2. Nf3 d6 3. d4 cxd4 4. Nxd4 Nf6 5. Nc3 Nc6 6. Be2 e5 7. Nb3 Be7 8. 0-0 0-0 9. Be3 a5 10. a3 Be6 11. Nd2 d5 12. exd5 Nxd5 13. Nxd5 Bxd5 14. Nc4 Be4 15. Nb6 Qxd1 16. Raxd1 Rad8 17. c3 Bc2 18. Rxd8 Rxd8 19. Rc1 Bb3 20. a4 f5 21. Bc4+ Bxc4 22. Nxc4 Kf7 23. Bb6 Rd5 24. Kf1 Ke6 25. Ke2 Bd8 26. Bxd8 Rxd8 27. f3 g6 28. Rd1 Rd5 29. Rd3 h6 30. Nb6 Rxd3 31. Kxd3 g5 32. g3 h5 33. Nc4 g4 34. Ke2 f4 35. Nd2 Kd5 36. b3 b6 37. Ne4 Ke6 38. Nd2 Ne7 39. Kd3 Kf5 40. Ke2 Nd5 41. Ne4 Nf6 42. Nd6+ Ke6 43. Nc4 Nd5 44. fxg4 hxg4 45. gxf4 exf4 46. Kd3 Kf5 47. Kd4 Ke6 48. Nd2 Nf6 49. b4 Kf5 50. bxa5 bxa5 51. c4 Kg5 52. Ne4+ Nxe4 53. Kxe4 f3 54. Ke3 0-1

[Event "Bucaramanga op"]
[Site "Bucaramanga"]
[Date "2023.09.07"]
[Round "3"]
[White "Pinzon, Jairo David"]
[Black "Morales Perez, Ghisell Gabriela"]
[Result "1-0"]
[WhiteElo "2182"]
[BlackElo "1447"]
[PlyCount "87"]
[EventDate "2023.09.06"]
[EventType "swiss"]
[EventRounds "9"]
[EventCountry "COL"]
[SourceTitle "CBM 216 Extra"]
[Source "ChessBase"]
[SourceDate "2023.11.30"]
[SourceVersion "1"]
[SourceVersionDate "2023.11.30"]
[SourceQuality "1"]

1. d4 Nf6 2. c4 g6 3. Nc3 Bg7 4. e4 d6 5. h3 0-0 6. Be3 c5 7. d5 e6 8. Nf3 Re8 9. Be2 exd5 10. exd5 Bf5 11. 0-0 Na6 12. Bf4 Nb4 13. a3 Nc2 14. Rc1 Nd4 15. Nxd4 cxd4 16. Nb5 Ne4 17. Nxd4 Bd7 18. Be3 h5 19. Bd3 Ng5 20. Re1 Rc8 21. Qd2 Nh7 22. b4 b6 23. b5 Nf6 24. Bg5 Qc7 25. Nc6 Bxc6 26. bxc6 Nh7 27. Bf4 Be5 28. Bxe5 Rxe5 29. Rxe5 dxe5 30. c5 Rd8 31. cxb6 axb6 32. Bc4 Nf6 33. Qa2 Kg7 34. Qb3 Ne4 35. Qe3 Nf6 36. Rd1 Re8 37. Rb1 Rb8 38. a4 Ne8 39. Qb3 Nd6 40. Bf1 f6 41. a5 Nc8 42. Ba6 b5 43. Bxc8 Qxc8 44. Qb4 1-0

[Event "Milpitas 1000 GM Schev 07"]
[Site "Milpitas"]
[Date "2023.07.15"]
[Round "2"]
[White "Mei, Austin"]
[Black "Pinzon, Jairo David"]
[Result "0-1"]
[WhiteElo "2274"]
[BlackElo "2220"]
[PlyCount "140"]
[EventDate "2023.07.14"]
[EventType "schev"]
[EventRounds "9"]
[EventCountry "USA"]
[SourceTitle "EXT 2024"]
[Source "ChessBase"]
[SourceDate "2023.10.10"]
[SourceVersion "1"]
[SourceVersionDate "2023.10.10"]
[SourceQuality "1"]

1. e4 e5 2. Nf3 Nc6 3. Bc4 Bc5 4. b4 Bxb4 5. c3 Be7 6. d4 Na5 7. Be2 exd4 8. Qxd4 Nc6 9. Qxg7 Bf6 10. Qg3 d6 11. 0-0 Nge7 12. Bg5 Bxg5 13. Qxg5 Rg8 14. Qe3 Bg4 15. Nbd2 Qd7 16. Rab1 0-0-0 17. Kh1 f5 18. Nd4 Bxe2 19. Qxe2 Nxd4 20. cxd4 fxe4 21. Qxe4 Qc6 22. Qe6+ Qd7 23. Qb3 b6 24. f3 Nf5 25. Ne4 Qg7 26. Rf2 Nxd4 27. Qc4 Kb8 28. Nc3 Qe5 29. Rd1 c5 30. Nd5 Rg5 31. Nc3 d5 32. Qd3 Rg7 33. a4 Re7 34. Nb5 Nxb5 35. Qxb5 Qe3 36. Rff1 Rd6 37. Qb2 d4 38. a5 Qe2 39. Qb3 b5 40. Qg8+ Kb7 41. Qg3 Qe6 42. f4 c4 43. f5 Qd5 44. f6 Rf7 45. Qg8 d3 46. h3 Rdd7 47. a6+ Kxa6 48. Qc8+ Qb7 49. Qc5 Qb6 50. Qc8+ Ka5 51. Ra1+ Kb4 52. Rfc1 Qc7 53. Qa6 Kc5 54. Rab1 Qb6 55. Qc8+ Qc6 56. Qe8 Qxf6 57. Qe3+ Qd4 58. Qg5+ Qd5 59. Qe3+ Kc6 60. Ra1 Qd4 61. Qe6+ Kc7 62. Rd1 d2 63. Qa6 Qb6 64. Qa2 c3 65. Qb3 Qc5 66. Qc2 Kb7 67. Qe4+ Qd5 68. Qe3 Qd4 69. Qg5 a6 70. Qh6 Rf6 0-1

[Event "Milpitas 1000 GM Schev 07"]
[Site "Milpitas"]
[Date "2023.07.15"]
[Round "3"]
[White "Pinzon, Jairo David"]
[Black "Nathan, Nitish"]
[Result "1-0"]
[WhiteElo "2220"]
[BlackElo "2179"]
[PlyCount "145"]
[EventDate "2023.07.14"]
[EventType "schev"]
[EventRounds "9"]
[EventCountry "USA"]
[SourceTitle "EXT 2024"]
[Source "ChessBase"]
[SourceDate "2023.10.10"]
[SourceVersion "1"]
[SourceVersionDate "2023.10.10"]
[SourceQuality "1"]

1. d4 d5 2. Bg5 Nf6 3. Bxf6 exf6 4. e3 c6 5. c4 dxc4 6. Bxc4 Bb4+ 7. Nc3 0-0 8. a3 Be7 9. Nge2 f5 10. 0-0 Nd7 11. Nf4 Nb6 12. Ba2 Bd6 13. Nd3 Kh8 14. Rc1 Be6 15. Bb1 Nd5 16. Nxd5 Bxd5 17. g3 Qe7 18. Qd2 g6 19. Nc5 b6 20. Na4 Qg5 21. Nc3 Bf3 22. Bc2 Rac8 23. Bd1 Qg4 24. Bxf3 Qxf3 25. Qd1 Qxd1 26. Rfxd1 Rfd8 27. Rc2 Rd7 28. Rcd2 Be7 29. Kf1 Kg7 30. Ke2 Bf6 31. Na4 Rdc7 32. b4 Kf8 33. Rc2 Ke8 34. Rdc1 Kd7 35. Kd3 Re8 36. Nc3 Rcc8 37. b5 c5 38. Nd5 Bg7 39. dxc5 Rxc5 40. Rxc5 bxc5 41. Rc4 Kd6 42. Nc3 Bxc3 43. Kxc3 Rb8 44. Ra4 Rxb5 45. Rxa7 Ke6 46. Rc7 Ra5 47. Kb3 h5 48. a4 Kf6 49. Rb7 Ke5 50. Rb5 Ra7 51. Rxc5+ Ke4 52. Rc2 Kd3 53. Rc3+ Ke2 54. f4 Kf3 55. Kb4 Rb7+ 56. Kc5 Rc7+ 57. Kd4 Ra7 58. Ra3 Kg2 59. Ra2+ Kf3 60. a5 Rd7+ 61. Kc5 Kxe3 62. a6 Rd8 63. a7 Ra8 64. Kb6 h4 65. Kb7 Re8 66. a8Q Rxa8 67. Rxa8 Kf3 68. Ra3+ Kg4 69. Kc6 f6 70. Kd5 g5 71. fxg5 fxg5 72. Ke5 h3 73. Rb3 1-0

[Event "Sunnyvale Independence Day op"]
[Site "Sunnyvale"]
[Date "2023.07.01"]
[Round "2"]
[White "Pinzon, Jairo David"]
[Black "Mei, Austin"]
[Result "1/2-1/2"]
[WhiteElo "2220"]
[BlackElo "2274"]
[PlyCount "69"]
[EventDate "2023.06.30"]
[EventType "swiss"]
[EventRounds "9"]
[EventCountry "USA"]
[SourceTitle "EXT 2024"]
[Source "ChessBase"]
[SourceDate "2023.10.10"]
[SourceVersion "1"]
[SourceVersionDate "2023.10.10"]
[SourceQuality "1"]

1. c4 e5 2. Nc3 Nf6 3. e3 Nc6 4. d3 d5 5. cxd5 Nxd5 6. Nf3 Be6 7. Be2 Qe7 8. 0-0 0-0-0 9. Nxd5 Bxd5 10. Qa4 Kb8 11. a3 Qe6 12. Nd2 Qg6 13. Qg4 f5 14. Qxg6 hxg6 15. b4 Bd6 16. h3 a6 17. Bb2 g5 18. Rac1 Rh6 19. Nc4 Rdh8 20. Nxd6 cxd6 21. f3 Rc8 22. Rfd1 Rhh8 23. Kf2 Rhe8 24. Rd2 f4 25. e4 Be6 26. d4 Nxd4 27. Rxc8+ Rxc8 28. Bxd4 exd4 29. Rxd4 Rc2 30. Ke1 Kc7 31. Rd2 Rc1+ 32. Rd1 Rc2 33. Rd2 Rc3 34. Rd3 Rc2 35. Rd2 1/2-1/2